Response of populations of Erysiphe graminis f.sp. hordei to large scale use of variety mixtures

Bibliographic Details
Main Authors: Schaffner, Dany (Author), Koller, Beat (Author), Müller, Kaspar (Author), Wolfe, Martin Stuart (Author)
Format: Article
Language:English
PhysicalDescription:Tab. 6, res. angl., slov., lit. 6 zázn. v angl., nem.
ISSN:0553-3677
Subjects:

MARC

LEADER 00000nab a2200000 a 4500
001 vtls000495404
003 SK-MaSNL
005 20260318133049.0
008 230131c1993 xo 0 eng
015 |a SNBRB19rr/mm-uuuuu 
035 |a CL0495542 
035 |a urn:nbn:sk:snk-abf26f 
035 |a (urnnbn)urn:nbn:sk:snk:ar-003vm5 
035 |a (uuid)7bc6c7b1-8377-4d0b-abb2-18130cc4d164 
040 |a SNKBUCL  |b slo  |c SNKBUCL  |e AACR2 
041 0 |a eng 
044 |a xo  |c SK 
080 |a 632.4:582.282:633.16:632.938  |2 1981 
080 |a 582.282  |2 1981 
080 |a 633.16  |2 1981 
080 |a 632.938  |2 1981 
245 0 0 |a Response of populations of Erysiphe graminis f.sp. hordei to large scale use of variety mixtures  |c Dany Schaffner, Beat Koller, Kaspar Müller, Martin Stuart Wolfe 
300 |b Tab. 6, res. angl., slov., lit. 6 zázn. v angl., nem. 
650 0 7 |a jarný jačmeň  |2 snkbucl  |9 71520 
650 0 7 |a múčnatka trávová  |2 snkbucl  |9 17136 
650 0 7 |a Erysiphe graminis f.sp. hordei  |2 snkbucl  |9 1131981 
655 7 |a články z novín a časopisov  |2 snkbucl  |9 267496 
700 1 |a Schaffner, Dany  |4 aut  |9 1234631 
700 1 |a Koller, Beat  |4 aut  |9 1234632 
700 1 |a Müller, Kaspar  |4 aut  |9 738074 
700 1 |a Wolfe, Martin Stuart  |4 aut  |9 1131980 
773 0 |t Poľnohospodárstvo  |g Roč. 39, č. 4 (1993), s. 352-358  |x 0553-3677 
850 |a Slovenská národná knižnica v Martine  |a MTA001 
852 |a SNK  |b KIS3GCP 
954 |a odborná, vedecká literatúra cudzojazyčná (svetová)  |2 lita 
958 |a NB 
958 |a RK 
958 |a OND 
958 |a EUIPO 
958 |a article27 
992 |a RBX 
999 |c 2181284  |d 2183214